Kpop Songs by the Alphabet (2026 songs vers.) - Statistics

General Stats
  • This quiz has been taken 186 times
  • The average score is 11 of 25
Answer Stats
Hint Artist Answer % Correct
G Blackpink GO
78%
E Type "nothing" nothing
78%
J Type "nothing" nothing
78%
N Type "nothing" nothing
78%
V Type "nothing" nothing
78%
C Yena Catch Catch
75%
R Hearts2Hearts RUDE!
72%
B IVE Bang Bang
67%
H BTS Hooligan
66%
K Enhypen KNIFE
65%
I Yuna Ice Cream
58%
M i-dle Mono
53%
A Ateez Adrenaline
51%
T CORTIS TNT
50%
D KiiiKiii Delulu
38%
F LNGSHOT FaceTime
32%
S Stray Kids Stay
24%
P illit paw, paw!
18%
X Chuu XO, My Cyberlove
18%
Y TWS You, You
14%
U IVE (LIZ solo) Unreal
12%
L Babymonster Locked In
11%
W P1Harmony Wednesday Girl
9%
O Big Ocean One Man Army
4%
Z NCT WISH ZONE
3%
No matching quizzes found
Score Distribution
Percent of People with Each Score
Percentile by Number Answered
Your Score History
You have not taken this quiz